000
00260nam a2200109Ia 4500
008
231129s9999||||xx |||||||||||||| ||spa||
040
_b
spa
082
_a
353.9 R432
245
0
_a
Resena del Gobierno de los Estados Unidos
264
_a
s.n.]
942
_2
ddc
_c
BKS
999
_c
24008
_d
24008